000 00558nam a22001697a 4500
999 _c7979
_d7979
003 GBCCL
005 20241126110640.0
008 181122b ||||| |||| 00| 0 eng d
040 _cGBC
082 _aARCH GBC-2008
_bDAL
100 _aDalkhanlian, M
_913926
245 _aA Defence of Christian Belief Against the Traditional Concept of Kau in the Zomi Society |
_cM. Dalkhanlian
260 _aNew Lamka:
_bGrace Bible College,
_c2008
300 _avi + 45 p.;
_c21 x 30 cm.
650 _aKau
_vDemonism
_vTribal Religions
_xZomi Society
_913927
942 _2ddc
_cTH